[Event "Remote Easter Gr.E email"]
[Site "Remote email"]
[Date "2014.05.01"]
[Round "?"]
[White "Richter, Wolfgang"]
[Black "Raijmaekers, Kees"]
[Result "1/2-1/2"]
[WhiteElo "2348"]
[BlackElo "2442"]
[PlyCount "64"]
[EventDate "2014.??.??"]
[EventType "tourn (corr)"]
[EventRounds "8"]
[EventCountry "GER"]
[SourceTitle "Corr 2015"]
[Source "ChessBase"]
[SourceDate "2015.07.17"]
[SourceVersion "1"]
[SourceVersionDate "2015.07.17"]
[SourceQuality "1"]

1. e4 c5 2. Nf3 d6 3. d4 cxd4 4. Nxd4 Nf6 5. Nc3 g6 6. Be3 Bg7 7. f3 0-0 8. Qd2 Nc6 9. 0-0-0 d5 10. Kb1 Nxd4 11. e5 Nf5 12. exf6 exf6 13. Nxd5 Nxe3 14. Qxe3 Be6 15. Bc4 f5 16. c3 Re8 17. Nf4 Qc7 18. Bxe6 fxe6 19. Rhe1 Rad8 20. Rxd8 Qxd8 21. g4 Qg5 22. Nd3 Qxe3 23. Rxe3 Kf7 24. g5 e5 25. Kc2 b6 26. h4 Ke6 27. Re1 Rc8 28. Kb3 Re8 29. Kc2 Re7 30. Nf4+ Kf7 31. Nd3 Re8 32. Nb4 Rc8 1/2-1/2

[Event "Remote Easter Gr.E email"]
[Site "Remote email"]
[Date "2014.05.01"]
[Round "?"]
[White "Ziegert, Andreas"]
[Black "Raijmaekers, Kees"]
[Result "0-1"]
[WhiteElo "1546"]
[BlackElo "2442"]
[PlyCount "40"]
[EventDate "2014.??.??"]
[EventType "tourn (corr)"]
[EventRounds "8"]
[EventCountry "GER"]
[SourceTitle "Corr 2015"]
[Source "ChessBase"]
[SourceDate "2015.07.17"]
[SourceVersion "1"]
[SourceVersionDate "2015.07.17"]
[SourceQuality "1"]

1. e4 c5 2. Nf3 d6 3. d4 cxd4 4. Nxd4 Nf6 5. Nc3 g6 6. Be2 Bg7 7. Bd2 Nxe4 8. Nxe4 Bxd4 9. Bh6 Bxb2 10. Rb1 Qa5+ 11. Nd2 Be5 12. 0-0 Nc6 13. Nc4 Qc7 14. Nxe5 dxe5 15. Bc4 Bf5 16. Re1 Nd4 17. Bd3 f6 18. c3 Bxd3 19. Qxd3 Nf5 20. Be3 b6 0-1

[Event "Remote-ch Class2 Gr.B email"]
[Site "Remote email"]
[Date "2014.04.20"]
[Round "?"]
[White "Preussner, Michael"]
[Black "Raijmaekers, Kees"]
[Result "0-1"]
[WhiteElo "2293"]
[BlackElo "2442"]
[PlyCount "60"]
[EventDate "2014.??.??"]
[EventType "tourn (corr)"]
[EventRounds "10"]
[EventCountry "GER"]
[SourceTitle "Corr 2015"]
[Source "ChessBase"]
[SourceDate "2015.07.17"]
[SourceVersion "1"]
[SourceVersionDate "2015.07.17"]
[SourceQuality "1"]

1. d4 Nf6 2. f3 c5 3. d5 d6 4. e4 g6 5. c4 Bg7 6. Nc3 0-0 7. Bg5 e6 8. Qd2 exd5 9. cxd5 a6 10. a4 Re8 11. Nge2 Nbd7 12. Ng3 Qc7 13. Be2 h5 14. 0-0 Nh7 15. Be3 f5 16. h4 Qd8 17. Bf2 f4 18. Nh1 g5 19. a5 Rf8 20. Qe1 g4 21. fxg4 hxg4 22. Bxg4 Ne5 23. Be2 Nf6 24. Ra3 Rb8 25. Na4 Nxe4 26. Nb6 Bf5 27. b4 Nxf2 28. Nxf2 Qxh4 29. bxc5 Rbe8 30. Qd2 f3 0-1

[Event "Remote S7 Top 71 email"]
[Site "Remote email"]
[Date "2013.09.15"]
[Round "?"]
[White "Glatzel, Hans Joachim"]
[Black "Raijmaekers, Kees"]
[Result "1-0"]
[WhiteElo "2460"]
[BlackElo "2422"]
[PlyCount "67"]
[EventDate "2013.??.??"]
[EventType "tourn (corr)"]
[EventRounds "6"]
[EventCountry "GER"]
[SourceTitle "Corr 2015"]
[Source "ChessBase"]
[SourceDate "2015.07.17"]
[SourceVersion "1"]
[SourceVersionDate "2015.07.17"]
[SourceQuality "1"]

1. Nf3 Nf6 2. c4 g6 3. d4 c5 4. d5 Bg7 5. Nc3 e6 6. e4 exd5 7. e5 Ne4 8. Nxd5 0-0 9. Bd3 f5 10. 0-0 d6 11. exd6 Nc6 12. Nc7 Qxd6 13. Nxa8 Rd8 14. Bc2 Qb8 15. Qe2 Re8 16. Be3 b6 17. Nxb6 axb6 18. Rad1 Bb7 19. Rfe1 Qc7 20. h4 h6 21. a3 Ba6 22. Qd3 Rd8 23. Qb3 Re8 24. h5 g5 25. Bxg5 hxg5 26. Nxg5 Re7 27. Nxe4 Nd4 28. Qd3 Rxe4 29. Rxe4 fxe4 30. Qxe4 Bxc4 31. Bd3 Be6 32. Qh7+ Kf8 33. h6 Be5 34. Qe4 1-0

[Event "Remote S7 Top 71 email"]
[Site "Remote email"]
[Date "2013.09.15"]
[Round "?"]
[White "Raijmaekers, Kees"]
[Black "Doderer, Harald"]
[Result "1/2-1/2"]
[WhiteElo "2422"]
[BlackElo "2467"]
[PlyCount "136"]
[EventDate "2013.??.??"]
[EventType "tourn (corr)"]
[EventRounds "6"]
[EventCountry "GER"]
[SourceTitle "Corr 2015"]
[Source "ChessBase"]
[SourceDate "2015.07.17"]
[SourceVersion "1"]
[SourceVersionDate "2015.07.17"]
[SourceQuality "1"]

1. e4 c6 2. d4 d5 3. e5 Bf5 4. h4 h5 5. c4 e6 6. Nc3 Be7 7. Qb3 Qb6 8. c5 Qxb3 9. axb3 f6 10. exf6 Bxf6 11. Nce2 Ne7 12. Nf3 Nd7 13. Ra3 Bg4 14. Bg5 Kf7 15. Bxf6 gxf6 16. Ng3 Bxf3 17. gxf3 Nf8 18. f4 Nfg6 19. f5 Nxf5 20. Nxf5 exf5 21. Kd2 a6 22. Be2 Rae8 23. Bf3 Nf4 24. Ra4 Re6 25. Rb4 Re7 26. Rc1 Kg6 27. Rg1+ Kh6 28. Rh1 Rhe8 29. Ra4 Re6 30. Rb4 R8e7 31. Ra4 Kg6 32. Rb4 Kf7 33. Rg1 Nh3 34. Rf1 Kg6 35. Ra4 Re8 36. b4 Kh6 37. Ra3 Nf4 38. Raa1 Ng6 39. Rh1 Re4 40. Bxe4 Rxe4 41. Kc3 Nxh4 42. b5 axb5 43. Kb4 Nf3 44. Ka5 Rxd4 45. Kb6 Rc4 46. Ra7 d4 47. Rxb7 d3 48. Rd1 Ne5 49. Rc7 h4 50. Rxc6 Nxc6 51. Kxc6 Rc2 52. Rxd3 Rxb2 53. Kd7 Rxf2 54. Rc3 b4 55. c6 bxc3 56. c7 c2 57. c8Q Kg5 58. Qg8+ Kf4 59. Qc4+ Kg3 60. Ke6 h3 61. Kxf6 h2 62. Qg8+ Kf3 63. Qd5+ Kg4 64. Qg8+ Kh3 65. Qh7+ Kg2 66. Qg7+ Kf1 67. Qb7 Rg2 68. Qb2 f4 1/2-1/2

[Event "Remote Continents-ch email"]
[Site "Remote email"]
[Date "2013.09.13"]
[Round "?"]
[White "Knoeppel, Bjoern"]
[Black "Raijmaekers, Kees"]
[Result "0-1"]
[WhiteElo "2305"]
[BlackElo "2442"]
[PlyCount "130"]
[EventDate "2013.??.??"]
[EventType "tourn (corr)"]
[EventRounds "10"]
[EventCountry "GER"]
[SourceTitle "Corr 2015"]
[Source "ChessBase"]
[SourceDate "2015.07.17"]
[SourceVersion "1"]
[SourceVersionDate "2015.07.17"]
[SourceQuality "1"]

1. e4 Nf6 2. e5 Nd5 3. d4 d6 4. Nf3 dxe5 5. Nxe5 c6 6. Be2 Bf5 7. 0-0 Nd7 8. Nf3 h6 9. c4 Nb4 10. a3 Nc2 11. Ra2 Nxd4 12. Qxd4 Bxb1 13. Ra1 Bg6 14. Rd1 Nf6 15. Qf4 Qc8 16. Ne5 Bf5 17. Bd3 g6 18. Bd2 Bxd3 19. Nxd3 Qf5 20. Qc7 Qd7 21. Qg3 Bg7 22. Nc5 Qc8 23. Bc3 0-0 24. Qe5 b6 25. Nd3 c5 26. f3 Nh5 27. Qe3 Bxc3 28. bxc3 Kg7 29. Re1 Nf6 30. a4 Rd8 31. a5 Rb8 32. axb6 axb6 33. Ne5 Qc7 34. Ra2 Ra8 35. Rf2 Ra7 36. f4 Rda8 37. g4 Ng8 38. Rd2 Qc8 39. Qf3 f6 40. Nc6 Ra1 41. Rdd1 Rxd1 42. Rxd1 Ra3 43. f5 g5 44. Nd8 Qb8 45. Qe3 Ra2 46. Ne6+ Kh8 47. Qg3 Qa8 48. Re1 h5 49. gxh5 Nh6 50. Nc7 Qd8 51. Rf1 Re2 52. Qf3 Qd2 53. Nd5 Nf7 54. Rf2 Re1+ 55. Kg2 Qc1 56. Rf1 Qc2+ 57. Kg1 Ne5 58. Qg2 Re2 59. Qg3 Qe4 60. h6 Kh7 61. Nxb6 Re3 62. Qg2 Nf3+ 63. Rxf3 Rxf3 64. h3 Qe1+ 65. Kh2 Rf2 0-1

[Event "Remote S7E-157 email"]
[Site "Remote email"]
[Date "2013.08.26"]
[Round "?"]
[White "Henkel, Phil"]
[Black "Raijmaekers, Kees"]
[Result "0-1"]
[WhiteElo "1888"]
[BlackElo "2425"]
[PlyCount "62"]
[EventDate "2013.??.??"]
[EventType "tourn (corr)"]
[EventRounds "6"]
[EventCountry "GER"]
[SourceTitle "Corr 2015"]
[Source "ChessBase"]
[SourceDate "2015.07.17"]
[SourceVersion "1"]
[SourceVersionDate "2015.07.17"]
[SourceQuality "1"]

1. c4 c5 2. g3 g6 3. Bg2 Bg7 4. Nc3 Nc6 5. d3 e5 6. e4 Nge7 7. Nge2 0-0 8. 0-0 d6 9. f4 Be6 10. fxe5 Nxe5 11. Nf4 a6 12. Be3 Bd7 13. Ncd5 b5 14. b3 Nxd5 15. Nxd5 Ng4 16. Bd2 Bd4+ 17. Kh1 Nf2+ 18. Rxf2 Bxf2 19. Qf3 Bd4 20. Rf1 Kg7 21. Be3 Bxe3 22. Qxe3 f6 23. h4 Bc6 24. h5 Bxd5 25. exd5 Re8 26. h6+ Kg8 27. Qf4 f5 28. Kg1 Qe7 29. Kh2 Qf6 30. Kh3 Re2 31. Rf2 g5 0-1

[Event "Remote S7E High-147 email"]
[Site "Remote email"]
[Date "2013.08.04"]
[Round "?"]
[White "Raijmaekers, Kees"]
[Black "Fernandez Ballon, Armel"]
[Result "1/2-1/2"]
[WhiteElo "2427"]
[BlackElo "2314"]
[PlyCount "56"]
[EventDate "2013.??.??"]
[EventType "tourn (corr)"]
[EventRounds "6"]
[EventCountry "GER"]
[SourceTitle "Corr 2015"]
[Source "ChessBase"]
[SourceDate "2015.07.17"]
[SourceVersion "1"]
[SourceVersionDate "2015.07.17"]
[SourceQuality "1"]

1. e4 c5 2. Nf3 d6 3. d4 cxd4 4. Nxd4 Nf6 5. Nc3 a6 6. Be2 e6 7. 0-0 Be7 8. f4 0-0 9. Kh1 Qc7 10. a4 b6 11. e5 dxe5 12. fxe5 Nfd7 13. Bf3 Bb7 14. Bf4 Nc6 15. Bxc6 Bxc6 16. Qg4 Kh8 17. Nxc6 Qxc6 18. Rad1 Rad8 19. Rd3 f6 20. Rg3 Rf7 21. exf6 Bxf6 22. Be3 Rdf8 23. Bg1 Be5 24. Rxf7 Rxf7 25. Rd3 h6 26. Qe2 b5 27. axb5 axb5 28. Re3 b4 1/2-1/2

[Event "Remote S7 Top 71 email"]
[Site "Remote email"]
[Date "2013.07.15"]
[Round "?"]
[White "Raijmaekers, Kees"]
[Black "Faber, Hans Alban"]
[Result "1/2-1/2"]
[WhiteElo "2427"]
[BlackElo "2505"]
[PlyCount "90"]
[EventDate "2013.??.??"]
[EventType "tourn (corr)"]
[EventRounds "6"]
[EventCountry "GER"]
[SourceTitle "Corr 2015"]
[Source "ChessBase"]
[SourceDate "2015.07.17"]
[SourceVersion "1"]
[SourceVersionDate "2015.07.17"]
[SourceQuality "1"]

1. d3 e5 2. g3 d5 3. Bg2 Nf6 4. a3 Bd6 5. Nd2 0-0 6. e4 d4 7. Qe2 c5 8. Bh3 Bxh3 9. Nxh3 Qd7 10. Ng5 Nc6 11. Ngf3 b5 12. 0-0 Rfe8 13. Nh4 h6 14. Nf5 Bf8 15. f4 g6 16. fxe5 Nxe5 17. Nxh6+ Bxh6 18. Rxf6 Be3+ 19. Kh1 Ng4 20. Rf1 Kg7 21. h4 f5 22. exf5 gxf5 23. Qf3 Rf8 24. Nb3 Rac8 25. Bxe3 Nxe3 26. Rf2 c4 27. Na5 Ng4 28. Re2 Rfe8 29. Rxe8 Rxe8 30. Rf1 Re3 31. Qb7 Qxb7+ 32. Nxb7 Re2 33. Nd8 c3 34. bxc3 dxc3 35. Rxf5 Rxc2 36. Ne6+ Kh6 37. Rc5 Ne3 38. Nd4 Rc1+ 39. Kh2 c2 40. Rc6+ Kh5 41. Rc5+ Kh6 42. Rc6+ Kh7 43. h5 a5 44. Rc7+ Kh8 45. Rc8+ Kg7 1/2-1/2

[Event "Remote S7E High-146 email"]
[Site "Remote email"]
[Date "2013.07.11"]
[Round "?"]
[White "Raijmaekers, Kees"]
[Black "Leisebein, Peter"]
[Result "0-1"]
[WhiteElo "2427"]
[BlackElo "2453"]
[PlyCount "96"]
[EventDate "2013.??.??"]
[EventType "tourn (corr)"]
[EventRounds "6"]
[EventCountry "GER"]
[SourceTitle "Corr 2015"]
[Source "ChessBase"]
[SourceDate "2015.07.17"]
[SourceVersion "1"]
[SourceVersionDate "2015.07.17"]
[SourceQuality "1"]

1. d3 e5 2. g3 d5 3. Bg2 Nc6 4. a3 Nf6 5. Nd2 Bc5 6. e3 a5 7. h3 0-0 8. Ne2 h6 9. b3 Re8 10. 0-0 Be6 11. Bb2 Qd7 12. Kh2 Bf5 13. Re1 Rad8 14. Nf1 Bh7 15. Qd2 Bd6 16. Rac1 b6 17. f4 Nb8 18. b4 Nc6 19. Bc3 axb4 20. axb4 b5 21. Ra1 Ra8 22. Reb1 Rxa1 23. Rxa1 d4 24. exd4 e4 25. Ne3 Ne7 26. Nc1 Ned5 27. Nxd5 Nxd5 28. Nb3 e3 29. Qe1 Nxc3 30. Qxc3 Qe7 31. Qe1 Bxb4 32. Qe2 Bf5 33. Ra8 Rxa8 34. Bxa8 h5 35. Bf3 g6 36. d5 Bd6 37. h4 Bxf4 38. gxf4 Qxh4+ 39. Kg1 Qxf4 40. Qg2 Kg7 41. Bxh5 Qf2+ 42. Qxf2 exf2+ 43. Kxf2 gxh5 44. Kg3 Kf6 45. Kf4 h4 46. Nc5 h3 47. Kg3 Bc8 48. d4 Ke7 0-1

[Event "Remote S7E High-146 email"]
[Site "Remote email"]
[Date "2013.07.11"]
[Round "?"]
[White "Wittal, Werner"]
[Black "Raijmaekers, Kees"]
[Result "0-1"]
[WhiteElo "2330"]
[BlackElo "2427"]
[PlyCount "96"]
[EventDate "2013.??.??"]
[EventType "tourn (corr)"]
[EventRounds "6"]
[EventCountry "GER"]
[SourceTitle "Corr 2015"]
[Source "ChessBase"]
[SourceDate "2015.07.17"]
[SourceVersion "1"]
[SourceVersionDate "2015.07.17"]
[SourceQuality "1"]

1. d4 Nf6 2. c4 c5 3. d5 e6 4. Nc3 exd5 5. cxd5 d6 6. g3 g6 7. Bg2 Bg7 8. Nf3 0-0 9. 0-0 Re8 10. Nd2 a6 11. a4 Nbd7 12. h3 Rb8 13. Nc4 Ne5 14. Na3 Nh5 15. e4 Bd7 16. a5 Qxa5 17. g4 Nf6 18. f4 Nexg4 19. hxg4 Nxg4 20. f5 h5 21. Bg5 b5 22. Nc4 Qc7 23. f6 Bh8 24. Ne3 Ne5 25. Nf5 b4 26. Nh6+ Kh7 27. Ne2 c4 28. Rxa6 Bb5 29. Ra2 c3 30. bxc3 Bc4 31. Ra1 Qb6+ 32. Kh2 b3 33. Rb1 b2 34. Qd2 Ba2 35. Nd4 Bxb1 36. Rxb1 Rb7 37. Nf3 Qd8 38. Nxe5 Rxe5 39. Rxb2 Rxb2 40. Qxb2 Rxg5 41. Nxf7 Qxf6 42. Nxg5+ Qxg5 43. Qf2 Bxc3 44. Kg1 Qf6 45. Qg3 Be5 46. Qf3 Qxf3 47. Bxf3 Kh6 48. Kg2 g5 0-1

[Event "IECC M email"]
[Site "IECC email"]
[Date "2003.02.17"]
[Round "?"]
[White "Raijmaekers, Kees"]
[Black "Petkov, Stamat"]
[Result "0-1"]
[WhiteElo "2049"]
[BlackElo "2008"]
[PlyCount "86"]
[EventDate "2003.??.??"]
[EventType "tourn (corr)"]
[EventRounds "6"]
[SourceTitle "Corr 2008"]
[Source "ChessBase"]
[SourceDate "2008.06.24"]
[SourceVersion "1"]
[SourceVersionDate "2008.06.24"]
[SourceQuality "1"]

1. d4 Nf6 2. Nf3 g6 3. c4 Bg7 4. Nc3 d5 5. Qb3 dxc4 6. Qxc4 0-0 7. e4 a6 8. Bf4 b5 9. Qxc7 Qxc7 10. Bxc7 Bb7 11. e5 Nd5 12. Ba5 Nf4 13. a4 Nc6 14. Bb6 Rfc8 15. Rd1 b4 16. Ne2 Nd5 17. Bc5 Rab8 18. h4 Nxe5 19. Nxe5 Bxe5 20. Ba7 Ra8 21. dxe5 Rxa7 22. h5 g5 23. Rh3 h6 24. Rhd3 e6 25. g3 Bc6 26. b3 Ba8 27. f4 Rac7 28. Bg2 Nc3 29. Nxc3 Bxg2 30. Ne2 Bd5 31. fxg5 hxg5 32. g4 Rc2 33. R1d2 Kg7 34. Kd1 R2c5 35. Re3 a5 36. Ke1 f6 37. exf6+ Kxf6 38. Kf2 Rf8 39. Ke1 Kg7 40. Re5 Kh6 41. Rd3 Rc2 42. Nd4 Rc1+ 43. Ke2 Rff1 0-1

[Event "IECC CL1-2001.14"]
[Site "IECC email"]
[Date "2001.07.12"]
[Round "?"]
[White "Raijmaekers, Kees"]
[Black "Mayer, Eduardo"]
[Result "1/2-1/2"]
[WhiteElo "2098"]
[BlackElo "2133"]
[PlyCount "64"]
[EventDate "2001.??.??"]
[EventType "tourn (corr)"]
[EventRounds "4"]
[SourceTitle "Corr 2008"]
[Source "ChessBase"]
[SourceDate "2008.06.24"]
[SourceVersion "1"]
[SourceVersionDate "2008.06.24"]
[SourceQuality "1"]

1. e4 e5 2. Bc4 Nf6 3. d3 Bc5 4. Nf3 d6 5. c3 Bb6 6. Nbd2 0-0 7. 0-0 c6 8. h3 d5 9. Bb3 Nbd7 10. Re1 Re8 11. Nf1 dxe4 12. dxe4 Nc5 13. Qxd8 Bxd8 14. Bc2 Bc7 15. Bg5 a5 16. Rad1 Be6 17. Bxf6 gxf6 18. a3 a4 19. Ne3 Ra6 20. Re2 Raa8 21. Nh4 Rad8 22. Red2 Rxd2 23. Rxd2 Rd8 24. Rxd8+ Bxd8 25. Nhf5 Kf8 26. Kf1 Bc7 27. Ke2 b5 28. h4 Bb6 29. g3 Nb3 30. Bxb3 Bxb3 31. f3 Bd8 32. h5 Ke8 1/2-1/2

[Event "IECC KO email"]
[Site "IECC email"]
[Date "2001.03.28"]
[Round "?"]
[White "Montero, Javier"]
[Black "Raijmaekers, Kees"]
[Result "1/2-1/2"]
[WhiteElo "2130"]
[BlackElo "2096"]
[PlyCount "69"]
[EventDate "2001.??.??"]
[EventType "tourn (corr)"]
[EventRounds "6"]
[SourceTitle "Corr 2008"]
[Source "ChessBase"]
[SourceDate "2008.06.24"]
[SourceVersion "1"]
[SourceVersionDate "2008.06.24"]
[SourceQuality "1"]

1. d4 Nf6 2. c4 Nc6 3. Nf3 e6 4. Nc3 Bb4 5. Qc2 0-0 6. Bg5 h6 7. Bh4 d5 8. e3 Be7 9. a3 Nd7 10. Bg3 dxc4 11. Bxc4 Bd6 12. e4 e5 13. d5 Ne7 14. 0-0 f5 15. exf5 Nxf5 16. Rae1 Nxg3 17. fxg3 a6 18. Kh1 Qe8 19. Bd3 Nf6 20. Bg6 Qe7 21. Ne4 Bd7 22. Nxf6+ Rxf6 23. Nh4 Be8 24. Bd3 Bh5 25. Rxf6 Qxf6 26. Rf1 Qg5 27. Nf5 Rf8 28. Nxd6 Rxf1+ 29. Bxf1 cxd6 30. Qc7 Qf5 31. Kg1 Qb1 32. Qxd6 Be2 33. Qe6+ Kh7 34. Qf7 Qd1 35. Qf5+ 1/2-1/2

[Event "IECC CL2-2001.04"]
[Site "IECC email"]
[Date "2001.01.28"]
[Round "?"]
[White "Raijmaekers, Kees"]
[Black "Le Duigou, Jean Guy"]
[Result "1-0"]
[WhiteElo "2164"]
[BlackElo "2117"]
[PlyCount "95"]
[EventDate "2001.??.??"]
[EventType "tourn (corr)"]
[EventRounds "4"]
[SourceTitle "Corr 2008"]
[Source "ChessBase"]
[SourceDate "2008.06.24"]
[SourceVersion "1"]
[SourceVersionDate "2008.06.24"]
[SourceQuality "1"]

1. e4 e6 2. d4 d5 3. Nc3 Bb4 4. e5 c5 5. a3 Bxc3+ 6. bxc3 Ne7 7. h4 Nbc6 8. h5 Qa5 9. Bd2 Qa4 10. Qb1 h6 11. Nf3 c4 12. Qc1 Qa5 13. Rb1 b6 14. Qb2 Bd7 15. Be2 0-0-0 16. Kf1 f6 17. Bf4 Rdf8 18. Bg3 fxe5 19. Nxe5 Nxe5 20. Bxe5 Rf7 21. Bg4 Nc6 22. Re1 Nxe5 23. Rxe5 Rf6 24. Ke2 Qa4 25. f3 Qc6 26. Re1 Rhf8 27. Kd2 Kd8 28. g3 g5 29. hxg6 Rxg6 30. Rh1 Rff6 31. Qb4 Rg8 32. Reh5 Qc7 33. Re5 a5 34. Qb2 Qd6 35. Rhe1 Kc7 36. Kc1 h5 37. Rxh5 Qxg3 38. Reh1 Qd6 39. Rh7 Rfg6 40. Kb1 b5 41. Ka2 R8g7 42. Rh8 Rg8 43. Qb1 Qf4 44. Rxg8 Rxg8 45. Rh7 Kd6 46. Qe1 Re8 47. Kb2 Bc6 48. Bxe6 1-0

[Event "IECC Swiss email"]
[Site "IECC email"]
[Date "2000.11.19"]
[Round "?"]
[White "Raijmaekers, Kees"]
[Black "Alvim, Antonio Carlos Rodr"]
[Result "1/2-1/2"]
[WhiteElo "2154"]
[BlackElo "2184"]
[PlyCount "60"]
[EventDate "2000.??.??"]
[EventType "tourn (corr)"]
[EventRounds "6"]
[SourceTitle "Corr 2008"]
[Source "ChessBase"]
[SourceDate "2008.06.24"]
[SourceVersion "1"]
[SourceVersionDate "2008.06.24"]
[SourceQuality "1"]

1. e4 e5 2. f4 exf4 3. Nf3 d5 4. exd5 Nf6 5. c4 c6 6. Nc3 cxd5 7. cxd5 Bd6 8. Bb5+ Nbd7 9. Qe2+ Qe7 10. Qxe7+ Kxe7 11. 0-0 Rd8 12. Bc4 Nb6 13. b3 a6 14. Bb2 Kf8 15. a4 Bf5 16. d3 Bc5+ 17. d4 Be7 18. Ne5 g5 19. g3 Rac8 20. gxf4 g4 21. d6 Rxd6 22. Ne2 Nxc4 23. bxc4 Ne4 24. d5 Rb6 25. Nd4 Rxb2 26. Nxf5 Bc5+ 27. Kh1 Nf2+ 28. Kg2 Ne4+ 29. Kh1 Nf2+ 30. Kg2 Ne4+ 1/2-1/2

[Event "IECC Y2KO email"]
[Site "IECC email"]
[Date "2000.10.26"]
[Round "?"]
[White "Raijmaekers, Kees"]
[Black "Kolacz, Wojciech"]
[Result "1-0"]
[WhiteElo "2174"]
[BlackElo "1736"]
[PlyCount "53"]
[EventDate "2000.??.??"]
[EventType "tourn (corr)"]
[EventRounds "2"]
[SourceTitle "Corr 2008"]
[Source "ChessBase"]
[SourceDate "2008.06.24"]
[SourceVersion "1"]
[SourceVersionDate "2008.06.24"]
[SourceQuality "1"]

1. e4 c5 2. c4 Nc6 3. Nc3 g6 4. d3 Bg7 5. f4 d6 6. Nf3 Nf6 7. Be2 0-0 8. 0-0 e6 9. Kh1 d5 10. e5 Ng4 11. d4 dxc4 12. dxc5 Qe7 13. Qd6 Rd8 14. Qxe7 Nxe7 15. h3 Nh6 16. Bxc4 Nhf5 17. Kg1 Nc6 18. Ne4 Nfd4 19. Nxd4 Rxd4 20. Nd6 Bf8 21. Be3 Bxd6 22. Bxd4 Be7 23. Be3 Rb8 24. Rad1 b5 25. Be2 b4 26. Bf3 Na5 27. c6 1-0

[Event "IECC CL2-2000.18"]
[Site "IECC email"]
[Date "2000.04.26"]
[Round "?"]
[White "Femmel, Don"]
[Black "Raijmaekers, Kees"]
[Result "1-0"]
[WhiteElo "2126"]
[BlackElo "2048"]
[PlyCount "49"]
[EventDate "2000.??.??"]
[EventType "tourn (corr)"]
[EventRounds "4"]
[SourceTitle "Corr 2008"]
[Source "ChessBase"]
[SourceDate "2008.06.24"]
[SourceVersion "1"]
[SourceVersionDate "2008.06.24"]
[SourceQuality "1"]

1. e4 c5 2. Nf3 e6 3. d4 cxd4 4. Nxd4 a6 5. Bd3 Qc7 6. 0-0 Bc5 7. Nb3 Be7 8. Qg4 Bf6 9. Nc3 h5 10. Qe2 Nc6 11. Be3 d6 12. Qd2 Nge7 13. Rad1 b5 14. a3 Ne5 15. Bxb5+ axb5 16. Nxb5 Qc6 17. Nxd6+ Kf8 18. f4 Ng4 19. e5 Bh4 20. Nd4 Qd7 21. c4 Nc6 22. f5 Nxd4 23. Bxd4 Qc6 24. fxe6 Bxe6 25. Qf4 1-0

[Event "IECC CL2-2000.18"]
[Site "IECC email"]
[Date "2000.04.26"]
[Round "?"]
[White "Lacey, Edward"]
[Black "Raijmaekers, Kees"]
[Result "0-1"]
[WhiteElo "1814"]
[BlackElo "2077"]
[PlyCount "62"]
[EventDate "2000.??.??"]
[EventType "tourn (corr)"]
[EventRounds "4"]
[SourceTitle "Corr 2008"]
[Source "ChessBase"]
[SourceDate "2008.06.24"]
[SourceVersion "1"]
[SourceVersionDate "2008.06.24"]
[SourceQuality "1"]

1. e4 c5 2. Nf3 e6 3. d4 cxd4 4. Nxd4 a6 5. Nc3 Qc7 6. Be2 Nf6 7. 0-0 Be7 8. f4 d6 9. Kh1 Nc6 10. Be3 0-0 11. Qe1 Na5 12. g4 b5 13. g5 Ne8 14. Nd1 Nc4 15. Rf3 Nxe3 16. Nxe3 Bb7 17. Bd3 e5 18. Ndf5 exf4 19. Rxf4 Bxg5 20. Rg4 Bf6 21. Rb1 g6 22. Qg3 Be5 23. Qh4 Nf6 24. Nh6+ Kg7 25. Rg5 d5 26. c3 dxe4 27. Bc2 Nd5 28. Nhf5+ Kh8 29. Nxd5 Bxd5 30. Ne3 Bb7 31. Bxe4 Bf6 0-1

[Event "IECC M email"]
[Site "IECC email"]
[Date "1999.09.08"]
[Round "?"]
[White "Raijmaekers, Kees"]
[Black "Vogel, Frank C"]
[Result "1-0"]
[WhiteElo "2063"]
[BlackElo "1863"]
[PlyCount "35"]
[EventDate "1999.??.??"]
[EventType "tourn (corr)"]
[EventRounds "6"]
[SourceTitle "Corr 2008"]
[Source "ChessBase"]
[SourceDate "2008.06.24"]
[SourceVersion "1"]
[SourceVersionDate "2008.06.24"]
[SourceQuality "1"]

1. e4 d5 2. exd5 Nf6 3. Nf3 Nxd5 4. d4 Bg4 5. Be2 e6 6. 0-0 Be7 7. c4 Nb6 8. Nc3 N8d7 9. c5 Nd5 10. Nxd5 exd5 11. Qb3 b6 12. Qxd5 bxc5 13. Ng5 Be6 14. Nxe6 fxe6 15. Qxe6 cxd4 16. Bg5 Nb6 17. Rfe1 Kf8 18. Bc4 1-0

[Event "IECC M email"]
[Site "IECC email"]
[Date "1999.09.03"]
[Round "?"]
[White "Raijmaekers, Kees"]
[Black "Ventimiglia, Charles"]
[Result "1/2-1/2"]
[WhiteElo "2033"]
[BlackElo "1934"]
[PlyCount "87"]
[EventDate "1999.??.??"]
[EventType "tourn (corr)"]
[EventRounds "6"]
[SourceTitle "Corr 2008"]
[Source "ChessBase"]
[SourceDate "2008.06.24"]
[SourceVersion "1"]
[SourceVersionDate "2008.06.24"]
[SourceQuality "1"]

1. e4 e6 2. d4 d5 3. e5 c5 4. c3 Nc6 5. Nf3 Qb6 6. a3 Bd7 7. b4 cxd4 8. cxd4 Rc8 9. Be3 Nge7 10. Bd3 Nf5 11. 0-0 Nxe3 12. fxe3 Be7 13. Nbd2 0-0 14. Nb3 f6 15. exf6 Rxf6 16. Nc5 Be8 17. Qc2 h6 18. Kh1 a5 19. bxa5 Nxa5 20. Ne5 Bxc5 21. Rxf6 gxf6 22. Ng4 Kg7 23. dxc5 Qxc5 24. Qf2 f5 25. Rf1 Bh5 26. Bxf5 exf5 27. Qxf5 Rf8 28. Nf6 Bg6 29. Qe5 Rxf6 30. Rxf6 Nc4 31. Rc6+ Nxe5 32. Rxc5 Bf7 33. Rc3 Nc4 34. Kg1 h5 35. Kf2 Kf6 36. Rb3 b6 37. Rc3 Ke5 38. Rd3 Bg6 39. Rb3 Bh7 40. Ke2 h4 41. g4 hxg3 42. hxg3 Bf5 43. Rc3 Ke4 44. Kf2 1/2-1/2